000 00561cam a22001577a 4500
008 180718b1992 xxu||||| |||| 00| 0 eng d
100 _aWijnbergen, Sweder Van
245 _aTransition problems in economic reform: agriculture in the Mexico-U.S. free trade agreement
_cby Santiago Levy and Sweder van Wijnbergen
260 _aWashington, D.C.
_bIBRD
_c1992
300 _a19p.
440 _aWorking Papers WPS 967
650 _aFree trade --United States
650 _aFree trade --Mexico
650 _aAgriculture --Economic aspects --Mexico
700 _aIBRD
999 _c226578
_d226578